000 01492nam a22003257a 4500
005 20140321094802.0
008 140321t2010 ck abdogr|||||000|0 spa d
020 _a9789589870143
041 _aspa
044 _ack
082 _a598.09861
_bC153p
110 2 _aCalidris
_922250
245 1 0 _aPlan de conservación para aves playeras en Colombia
_cCalidris, U.S. Fish & Wildlife Services, Copper River International Migratory Bird Initiative, Forest Services US, R. Johnston-González, C. J. Ruiz-Guerra, D. Eusse-González, L. F. Castillo-Cortés, Y. Cifuentes-Saramiento, P. Falk-Fernández, V. Ramírez De Los Ríos
260 3 _aCali
_bCalidris
_c2009
300 _a32 p.
_bil., fot., mapas, tablas
_c28.5 cm
504 _aIncluye biliografía (páginas 34 - 39)
650 4 _aAves playeras
_vEstudio de casos
_xConservación
_zColombia
_923041
650 4 _aAves playeras
_vEstudio de amenazas
_xEcosistema
_zColombia
_923042
700 1 _aJohnston-González, R.
_923043
700 1 _aRuiz-Guerra, C. J.
_923044
700 1 _aEusse-González, D.
_923045
700 1 _aCastillo-Cortés, L. F.
_923046
700 1 _aCifuentes-Saramiento, Y.
_923047
700 1 _aFalk-Fernández, P.
_923048
700 1 _aRamírez De Los Ríos, V.
_923049
710 2 _aU.S. Fish & Wildlife Services
_bDepartment of the Interior
_923050
710 2 _aCopper River International Migratory Bird Initiative
_923051
710 2 _aForest Service US
_bDepartment of Agriculture
_923052
942 _2ddc
_cImpreso
999 _c8302
_d8302